ARRUPE JESUIT UNIVERSITY

CORONAVIRUS -STOP THE SPREAD - CLEAN,DISINFECT,COVER

An introduction to Karl Marx / Jon Elster. (Record no. 99216)

MARC details
000 -LEADER
fixed length control field 00679nam a2200217Ia 4500
003 - CONTROL NUMBER IDENTIFIER
control field 0100
008 - FIXED-LENGTH DATA ELEMENTS--GENERAL INFORMATION
fixed length control field 130307s9999 xx 000 0 und d
020 ## - INTERNATIONAL STANDARD BOOK NUMBER
International Standard Book Number 052133831X (pbk.) 0521329221
040 ## - CATALOGING SOURCE
Transcribing agency ARRUPELIB
050 ## - LIBRARY OF CONGRESS CALL NUMBER
Classification number HX39.5.E43 1986
300 ## - PHYSICAL DESCRIPTION
Other physical details 200 p. 22 cm.
100 ## - MAIN ENTRY--PERSONAL NAME
Personal name Elster, Jon, 1940-
245 #3 - TITLE STATEMENT
Title An introduction to Karl Marx / Jon Elster.
260 ## - PUBLICATION, DISTRIBUTION, ETC. (IMPRINT)
Place of publication, distribution, etc Cambridge Cambridgeshire ;New York :
260 ## - PUBLICATION, DISTRIBUTION, ETC. (IMPRINT)
Name of publisher, distributor, etc Cambridge University Press
260 ## - PUBLICATION, DISTRIBUTION, ETC. (IMPRINT)
Date of publication, distribution, etc 1986.
300 ## - PHYSICAL DESCRIPTION
Extent vii
650 ## - SUBJECT ADDED ENTRY--TOPICAL TERM
Topical term following geographic name as entry element Architecture--Dictionaries
856 ## - ELECTRONIC LOCATION AND ACCESS
Uniform Resource Identifier <a href="http://www.loc.gov/catdir/description/cam023/86004238.html http://www.loc.gov/catdir/toc/cam029/86004238.html">http://www.loc.gov/catdir/description/cam023/86004238.html http://www.loc.gov/catdir/toc/cam029/86004238.html</a>
942 00 - ADDED ENTRY ELEMENTS (KOHA)
Koha issues (borrowed), all copies 5
Holdings
Withdrawn status Lost status Source of classification or shelving scheme Damaged status Not for loan Collection code Home library Current library Shelving location Date acquired Total Checkouts Full call number Barcode Date last seen Date checked out Copy number Price effective from Koha item type
    Library of Congress Classification     Main Collection ARRUPE LIBRARY ARRUPE LIBRARY   07/03/2013 9 HX39.5.E43 1986 46003077613 24/05/2021 08/04/2021 1 07/03/2013 Monograph ( Printed materials)

 

Arrupe Library. PO Box MP320 Mt Pleasant, Harare, Zimbabwe
263 242 745411|librarian@aju.ac.zw